| 000 | 00709 a2200253 4500 | ||
|---|---|---|---|
| 001 | 200001532 | ||
| 999 |
_c200001532 _d20 |
||
| 003 | TR-AnTOB | ||
| 005 | 20190322122904.0 | ||
| 008 | 160506d19809999gw fn0p 0 0 | ||
| 022 | _a0172-7028 | ||
| 041 | _aeng | ||
| 050 | _aTR690.E87 | ||
| 099 | _aJOURNAL - EURO | ||
| 210 | _aEur. photogr. | ||
| 222 | _aEuropean photography | ||
| 245 | 0 | _aEuropean photography | |
| 260 |
_aGöttingen, West Ger. : _bA. Müller-Pohle, _cc1980- |
||
| 300 |
_av. : _bchiefly ill. (chiefly col.) ; _c32 cm. |
||
| 310 | _aBiannual (Summer and Winter) | ||
| 650 |
_aPhotography, Artistic _vPeriodicals _970033 |
||
| 650 |
_aCommercial photography _zEurope _vPeriodicals _970032 |
||
| 942 | _cCR | ||